000 00818nam a2200253Ia 4500
003 OSt
005 20221005105035.0
006 a|||||r|||| 00| 0
007 ta
008 221004b |||||||| |||| 00| 0 hin d
020 _a8188599037 (hbk)
_c150
024 _a106150
037 _b370, 17/02/2011, Vani Prakashan
_cTextual
040 _aCRL
_cCRL
_bhin
041 _2hin
_ahin
082 _aO152,1N52x, P5
100 _aउदय प्रकाश
245 0 _aअबूतर कबूतर
246 _aAbūtar kabūtara
260 _aदिल्ली
_bस्वर्ण जयन्ती भारत
_c2005
300 _a110पृ0
_ccm.
942 _hO152,1N52x, P5
_cTEXL
_2cc
999 _c1014552
_d1014552